000 00985nmc a2200349 a 4500
003 AR-BaBNM
005 20251128203946.0
008 011101s1991 ||||||||||||||000 | spa||
020 _a84-7509-704-9
040 _cAR-BaBNM
100 1 _aLe Boulch, Jean
245 1 0 _aEl deporte educativo
_bpsicocinética y aprendizaje motor
260 _aBarcelona
_bPaidós
_c1991
300 0 _a381 p.
_bgráfs., il.
490 0 _aPaidós educación física. Psicomotricidad
_vv. 40
504 _aContiene bibliografía y trabajos prácticos sugeridos
650 4 _aEDUCACION FISICA
650 4 _aPSICOLOGIA FISIOLOGICA
650 4 _aPSICOLOGIA APLICADA
650 4 _aFISIOLOGIA
650 4 _aDEPORTISTAS
650 4 _aENTRENADORES DEPORTIVOS
650 4 _aJUEGOS DE PELOTA
650 4 _aATLETISMO
650 4 _aGIMNASIA
650 4 _aNATACION
653 _aFUTBOL
653 _aVOLEIBOL
700 1 _aTurner, Laura Elizabeth
_etraductor
942 _cBK
998 _cHector
999 _c5618
_d5618